Anatomy of a Smoke Detector - Statistics

General Stats
  • This quiz has been taken 8 times
  • The average score is 2 of 5
Answers on the Map
Answers color-coded by a green-red scale on the quiz's map according to % correct below.
 
Answer Stats
Answer % Correct
Battery
100%
Housing
43%
Horn
14%
Test Button
14%
Vents
14%
No matching quizzes found
Score Distribution
Percent of People with Each Score
Percentile by Number Answered
Your Score History
You have not taken this quiz